| 000 | 00867nam a2200217Ii 4500 | ||
|---|---|---|---|
| 003 | JO-AjNU | ||
| 008 | 230605s9999||||xx |||||||||||||| ||und|| | ||
| 040 |
_aJO-AjNU _bara _erda _cJO-AjNU |
||
| 041 | _aara | ||
| 050 | 1 | 4 | _aLC221.4.I73 I4264 1988 |
| 100 | 3 |
_aرؤوف، عماد عبد السلام, _eauthor _914010 |
|
| 245 | 0 | 0 | _aالمدرسة العلية في بغداد: قصر الثقافة والفنون |
| 250 | _aط1 | ||
| 264 | 3 | 1 | _aبغداد: دار الشؤون الثقافية العامة، 1988 |
| 300 |
_a62ص _bرسوم توضيحية |
||
| 336 |
_atext _btxt _2rdacontent |
||
| 337 |
_aunmediated _bn _2rdamedia |
||
| 338 |
_avolume _bnc _2rdacarrier |
||
| 490 | 0 | _aسلسلة الموسوعة التاريخية الميسرة | |
| 650 | 4 |
_aالمدارس - العراق - بغداد - تاريخ اسلامي - حياة فكرية _914011 |
|
| 999 |
_aA3634 _c7202 _d7202 |
||